XIX әср вә XX әсрин әввәлләриндә Азәрбаjҹанын әкинчилик аләтләри (Запись № 13740144)
[ простой вид ]
| 000 -МАРКЕР | |
|---|---|
| контрольное поле | 01680nam0a2200289 4500 |
| 001 - ИДЕНТИФИКАТОР ЗАПИСИ | |
| контрольное поле | RU\NLR\BIBL_A\011448079 |
| 005 - ИДЕНТИФИКАТОР ВЕРСИИ | |
| контрольное поле | 20260628172131.0 |
| 035 ## - ДРУГИЕ СИСТЕМНЫЕ НОМЕРА | |
| Идентификатор записи | (NLR Aleph) 011448079 |
| 100 ## - ДАННЫЕ ОБЩЕЙ ОБРАБОТКИ | |
| Данные общей обработки | 20170802d1979 k y0rusy50 ca |
| 101 0# - ЯЗЫК РЕСУРСА | |
| Язык текста, звукозаписи и т.д. | азербайджанский |
| 102 ## - СТРАНА ПУБЛИКАЦИИ ИЛИ ПРОИЗВОДСТВА | |
| Страна публикации | Азербайджан |
| 105 ## - ПОЛЕ КОДИРОВАННЫХ ДАННЫХ: ТЕКСТОВЫЕ МАТЕРИАЛЫ, МОНОГРАФИЧЕСКИЕ | |
| Кодированные данные о монографическом текстовом документе | a z 000 y |
| 200 1# - ЗАГЛАВИЕ И СВЕДЕНИЯ ОБ ОТВЕТСТВЕННОСТИ | |
| Основное заглавие | XIX әср вә XX әсрин әввәлләриндә Азәрбаjҹанын әкинчилик аләтләри |
| Сведения, относящиеся к заглавию | (шимал-шәрг раjонларынын материаллары әсасында тарихи-етнографик тәдгигат) |
| Первые сведения об ответственности | Г. Ҹ. Ҹавадов |
| Последующие сведения об ответственности | Азәрб. ССР елмләр акад. тарих ин-ту. Археолоҝиjа вә етнографиjа сектору |
| -- | [ред.: Ә. С. Сумбатзадә вә Т. Ә. Бүнjадов] |
| 210 ## - ПУБЛИКАЦИЯ, РАСПРОСТРАНЕНИЕ И ДР. | |
| Место издания, распространения и т.д. | Бакы |
| Имя издателя, распространителя и т. д. | Елм |
| Дата издания, распространения и т.д. | 1979 |
| 215 ## - ФИЗИЧЕСКАЯ ХАРАКТЕРИСТИКА | |
| Специфическое обозначение материала и объем | 127, [1] с. |
| Другие сведения о физической характеристике | шәк. |
| Размеры | 20 |
| 320 ## - ПРИМЕЧАНИЯ О НАЛИЧИИ В ДОКУМЕНТЕ БИБЛИОГРАФИИ / УКАЗАТЕЛЯ | |
| Текст примечания | Библиогр. в подстроч. примеч. |
| 541 1# - ПЕРЕВОД ЗАГЛАВИЯ, СДЕЛАННЫЙ КАТАЛОГИЗАТОРОМ | |
| Связь между полями | z01790 |
| Заглавие | Земледельческие орудия Азербайджана в XIX-начале XX в. |
| Язык заглавия | русский |
| 606 1# - НАИМЕНОВАНИЕ ТЕМЫ КАК ПРЕДМЕТ | |
| Наименование темы | Земледельческие орудия у азербайджанцев |
| Тематический подзаголовок | Этнографические исследования |
| Системный номер авторитетной/нормативной записи | 919258 |
| Идентификатор авторитетной/нормативной записи | RU\NLR\AUTH\6617701 |
| 686 1# - ИНДЕКСЫ ДРУГИХ КЛАССИФИКАЦИЙ | |
| Индекс | Т52(247=А)-416 |
| 700 #1 - ИМЯ ЛИЦА - ПЕРВИЧНАЯ ОТВЕТСТВЕННОСТЬ | |
| Начальный элемент ввода | Ҹавадов |
| Часть имени, кроме начального элемента ввода | Г. Ҹ. оғлу |
| Даты | 1938-2005 |
| Расширение инициалов личного имени | Гәмәршаһ Ҹәллад оғлу |
| Код отношения | Автор |
| 702 #1 - ИМЯ ЛИЦА - ВТОРИЧНАЯ ОТВЕТСТВЕННОСТЬ | |
| Начальный элемент ввода | Сумбатзадә |
| Часть имени, кроме начального элемента ввода | Ә. С. |
| Код отношения | Редактор |
| 790 #1 - ИМЯ ЛИЦА - АЛЬТЕРНАТИВНАЯ ФОРМА | |
| Связь между полями | z01541 |
| Начальный элемент ввода | Джавадов |
| Часть имени, кроме начального элемента ввода | Г. Д. оглы |
| Даты | 1938-2005 |
| Расширение инициалов личного имени | Гамаршах Джаллад оглы |
| Код отношения | Автор |
| 852 ## - МЕСТОНАХОЖДЕНИЕ И ШИФР ХРАНЕНИЯ | |
| Идентификатор организации | NLR |
| Наименование фонда или коллекции (Sub-Location Identifier) | ОНЛ |
| Шифр хранения (Call Number) | Азерб./2-19114 |
| 942 ## - ДОПОЛНИТЕЛЬНЫЕ ЭЛЕМЕНТЫ ЗАПИСИ (АБИС) | |
| Тип экземпляра АБИС | Книга |
| 980 ## - КОЛЛЕКЦИЯ | |
| Название коллекции | Национальная библиография |
Нет доступных экземпляров.